| 000 | 01136nam a2200277Ia 4500 | ||
|---|---|---|---|
| 003 | OSt | ||
| 005 | 20221005104223.0 | ||
| 006 | a|||||r|||| 00| 0 | ||
| 007 | ta | ||
| 008 | 221004b |||||||| |||| 00| 0 hin d | ||
| 020 |
_a9788180210556 (hbk) _cINR 675.00 |
||
| 024 | _a37878 | ||
| 037 |
_b58, 16/02/2018, Mallika Books _cTextual |
||
| 040 |
_aCRL _cCRL _bhin |
||
| 041 |
_2hin _ahin |
||
| 082 | _aO152,3NMU:g, Q7 | ||
| 100 | _aबंसल, नीतू, ले. | ||
| 245 | 0 | _aयथार्थबोध का परिप्रेक्ष्य और चित्रा मुद्गल का कथा साहित्य | |
| 246 | _aYathārthabodh kā pariprekṣhya aur chitrā mudgal kā kathā sāhitya | ||
| 260 |
_aदिल्ली _bपरिक्रमा प्रकाशन भारत _c2017 |
||
| 300 |
_a248पृ0 _ccm. |
||
| 650 | _a हिन्दी साहित्य | ||
| 650 | _aहिन्दी कहानी | ||
| 942 |
_hO152,3NMU:g, Q7 _cTEXL _2cc |
||
| 999 |
_c1012062 _d1012062 |
||